|
|
|
|
| LEADER |
00000cac a2200000 a 4500 |
| 003 |
Ucuenca |
| 005 |
20230308210801.0 |
| 006 |
a||||gr|||| 0|0 0 |
| 007 |
ta |
| 008 |
995030s1994 cl aaaagr|||| 0|0|| spa a |
| 020 |
|
|
|a 956-7369-08-9
|
| 040 |
|
|
|b spa
|a UCuenca-cdrjbv
|c UCuenca
|e rda
|
| 041 |
0 |
|
|a spa
|
| 082 |
0 |
|
|2 21
|a 770.2
|c 66369
|
| 100 |
1 |
|
|9 196262
|a Aguilera, Silvia.
|e autor
|
| 245 |
|
|
|a Reflejos de medio siglo:
|b imágenes fotográficas andinas 1900/1950 /
|c Edición y textos Silvia Aguilera, Aurelia Fuentes Medina y Oscar Wittke.
|
| 264 |
|
1 |
|a Santiago:
|b LOM,
|c 1994.
|
| 300 |
|
|
|a 36 páginas:
|b ilu
|c 19 cm
|
| 336 |
|
|
|2 rdacontent
|a texto
|b txt
|
| 337 |
|
|
|2 rdamedia
|a no mediado
|b n
|
| 338 |
|
|
|2 rdacarrier
|a volumen
|b nc
|
| 490 |
|
|
|a Colección Mal de Ojo
|n tomo 6
|
| 650 |
1 |
7 |
|a Fotografias andinas
|9 196261
|2 UCuenca-cdrjbv
|
| 650 |
1 |
7 |
|a Imagenes fotograficas
|9 98100
|2 UCuenca-cdrjbv
|
| 650 |
1 |
7 |
|a Fotografía
|9 5064
|2 UCuenca-cdrjbv
|
| 651 |
|
|
|2 UCuenca-cdrjbv
|
| 700 |
1 |
|
|9 196264
|a Wittke, Oscar.
|e autor
|
| 852 |
|
|
|a UC-CDJBV
|f Donación
|k npena
|l 1
|m General
|p 19950303
|q 2000,00
|r 2
|t 66369
|y 115988
|b 0
|d CDRC
|e CDRC
|g 770.2 TERCER PISO
|z 1995-50-30
|
| 942 |
|
|
|c CR
|2 ddc
|z maria.lopezr@ucuenca.edu.ec
|
| 999 |
|
|
|c 116478
|d 116478
|